000 01726nam a2200397 c 4500
003 BLK
005 20240710005446.0
008 180413b bul|||||r ||||||| ||bul||
010 _aKNG00022212000
020 _a954-657-153-9
040 _aBLK
041 _aBUL
_cBUL
080 _aНемска литература
_b821.112.2
_x-93-91
_z821.112.2-93-91
100 1 _aРаспе, Рудолф Ерих
_eпърви автор
_9115325
139 _aРаспе, Рудолф Ерих
_bР 38
245 1 0 _aПриключенията на барон Мюнхаузен
_bСб. разкази за деца
_cРудолф Ерих Распе; преразк. Ангел Иванов Каралийчев; ил. Гюстав Доре.
250 _a7. изд.
257 _aDEU
260 _bПан
_c1998
_fСофия : Балкан прес
300 _a143 с.
_bс ил.
_c20 см
380 _aDX
490 _aВечните детски романи
_v38
500 _aОриг. загл. Wunderbabe reisen zu Wasser und Lande, Feldzuge und lustige Abenteuer des Freiherrn von Munchhausen. - 1 изд. 1933 на изд. Хемус. - 3 500 тир., доп. тир. 2005.
653 _aприказки
653 _aлитература за деца
653 _aдетска литература
700 1 _aКаралийчев, Ангел Иванов
_d1902-1972
_eпреразк.
_976702
700 1 _aДоре, Гюстав
_eил.
_964690
852 _aЦб 195997
856 4 _qpdf
_u
856 4 _qpdf
_u
942 _cKNG
_n0
_09
944 _aCR
_c15.01.2003
_lCRON CRON
_k
944 _aED
_c28.02.2017
_lф /
_kЛюдмила_Стоянова
999 _c20026
_d20026
999 _d20026